000 00306nam a22001337a 4500
008 170214b xxu||||| |||| 00| 0 eng d
020 _a0721683819
041 _aeng
080 _23RD
_a61
100 _a4
101 _aSHM
245 _aRECOGNIZABLE PATTERNS OF HUMAN MALFORMATION
_cSMITH
942 _2udc
_cBK
999 _c5388
_d5388